| 000 | 00390pab a2200157 454500 | ||
|---|---|---|---|
| 008 | 180718b2009 xxu||||| |||| 00| 0 eng d | ||
| 100 | _aBhave, Yashwant | ||
| 245 | _aConsumer rights: consumer protection - framework of the national policy | ||
| 260 | _c2009 | ||
| 300 | _ap.5-8. | ||
| 362 | _aFeb | ||
| 650 | _aConsumer protection | ||
| 773 | _aYojana | ||
| 908 | _aN | ||
| 909 | _a81267 | ||
| 999 |
_c81267 _d81267 |
||